Historia religiosa, política y literaria de la Compañía de Jesús / (Record no. 47994)
[ view plain ]
| 000 -LEADER | |
|---|---|
| campo de control de longitud fija | 00799nam a2200217 i 4500 |
| 001 - NÚMERO DE CONTROL | |
| campo de control | 47994 |
| 003 - IDENTIFICADOR DE NÚMERO DE CONTROL | |
| campo de control | ES-MaACL |
| 005 - FECHA Y HORA DE LA ÚLTIMA TRANSACCIÓN | |
| campo de control | 20250820095204.0 |
| 007 - CAMPO FIJO DE DESCRIPCIÓN FÍSICA--INFORMACIÓN GENERAL | |
| campo de control de longitud fija | t| |
| 008 - DATOS DE LONGITUD FIJA--INFORMACIÓN GENERAL | |
| campo de control de longitud fija | 950324m18451846sp af ||||1| spa d |
| 040 ## - FUENTE DE CATALOGACIÓN | |
| Centro catalogador/agencia de origen | EUS |
| Lengua de catalogación | spa |
| Centro/agencia transcriptor | EUS |
| 100 1# - ENTRADA PRINCIPAL--NOMBRE DE PERSONA | |
| Nombre de persona | Cretineau-Joly, Jacques Augustin Marie. |
| 9 (RLIN) | 41567 |
| 245 10 - MENCIÓN DEL TÍTULO | |
| Título | Historia religiosa, política y literaria de la Compañía de Jesús / |
| Mención de responsabilidad, etc. | escrita en francés por Cretineau-Joli ; traducida al castellano por J. José González Hebrero. |
| 260 ## - PUBLICACIÓN, DISTRIBUCIÓN, ETC. | |
| Lugar de publicación, distribución, etc. | Madrid : |
| Nombre del editor, distribuidor, etc. | [s.n.], |
| Fecha de publicación, distribución, etc. | 1845-1846 ( |
| Fabricante | Imprenta de D.Tomás Aguado y Compañía) |
| 300 ## - DESCRIPCIÓN FÍSICA | |
| Extensión | 5 v. ; |
| Dimensiones | 22 cm. |
| 610 24 - PUNTO DE ACCESO ADICIONAL DE MATERIA--NOMBRE DE ENTIDAD CORPORATIVA | |
| Nombre de entidad corporativa o nombre de jurisdicción como elemento de entrada | Jesuitas- |
| Subdivisión general | Historia |
| 9 (RLIN) | 5353 |
| 700 1# - ENTRADA AGREGADA--NOMBRE PERSONAL | |
| Nombre de persona | González Hebrero, J. José, |
| Término indicativo de función/relación | |
| 9 (RLIN) | 201268 |
| 852 ## - LOCALIZACIÓN | |
| Ubicación | ES-MaACL |
| Número de control de estantería | G-59-63 |
| Estatus retirado | Estado de pérdida | Estado de daño | No para préstamo | Colección | Biblioteca de origen | Biblioteca actual | Ubicación en estantería | Fecha de adquisición | Fuente de adquisición | Total de préstamos | Signatura topográfica completa | Código de barras | Visto por última vez | Precio de reemplazo | Tipo de ítem Koha |
|---|---|---|---|---|---|---|---|---|---|---|---|---|---|---|---|
| Libros del s. XIX | Biblioteca del Ateneo de Madrid | Biblioteca del Ateneo de Madrid | Depósito 2 | 17/01/2008 | G-59-63 | 1050507 | 23/02/2023 | 23/02/2023 | Libro impreso antiguo |
